|
|
|
|
| LEADER |
01449nam a2200289 a 4500 |
| 001 |
00018192 |
| 003 |
BD-DhAAL |
| 005 |
20250420114603.0 |
| 008 |
111221s2009 bg a 000 0 ben |
| 020 |
|
|
|a 9848723113
|
| 020 |
|
|
|a 9789848723012
|
| 040 |
|
|
|a BD-DhAAL
|d BD-DhAAL
|
| 082 |
0 |
0 |
|a 954.9/205
|2 22
|
| 100 |
1 |
|
|a আহমেদ, মইন ইউ.,
|d ১৯৫৩.
|9 58046
|
| 245 |
1 |
0 |
|a শান্তির স্বপ্নে :
|b সময়ের স্মৃতিচারণ /
|c মইন ইউ আহমেদ
|
| 260 |
|
|
|a ঢাকা :
|b এশিয়া পাবলিকেশনস,
|c ২০০৯
|
| 300 |
|
|
|a ৪০০ পৃ. :
|b চিএ ;
|c ২২ সে.মি.
|
| 500 |
|
|
|a Autobiography of an army general from Bangladesh.
|
| 526 |
|
|
|x Nurunnesa Sabera
DCO
CFL(Present BIL)
Course name and no. N/A
|
| 541 |
|
|
|a A. H. Development Publishing House.
|e 00018192
|
| 600 |
1 |
0 |
|a Ahamed, Maina Iu.,
|d 1953-
|9 58047
|
| 650 |
|
0 |
|a Generals
|z Bangladesh
|v Biography.
|9 49518
|
| 651 |
|
0 |
|a Bangladesh
|x Politics and government
|y 1971-
|
| 852 |
1 |
|
|a Ayesha Abed Library
|c General shelf.
|
| 942 |
|
|
|2 ddc
|c BK
|
| 999 |
|
|
|c 11692
|d 11692
|
| 952 |
|
|
|0 0
|1 0
|2 ddc
|4 0
|6 954_920500000000000_AHM
|7 0
|9 19009
|a BRACUL
|b BRACUL
|c GEN
|d 2011-12-28
|e A H Development Publishing House.
|g 400.00
|l 7
|m 54
|o 954.9205 AHM
|p 3010018192
|r 2023-06-02
|s 2022-11-30
|t 1
|w 2011-12-28
|y BK
|x Requisitioned by Nurunnesa Sabera, Department of CFL9Present BIL) for the course named N/A
|